City of London office supply and demand forecasting model (Record no. 103443)

MARC details
000 -LEADER
fixed length control field 01232cam a2200241 4500
001 - CONTROL NUMBER
control field J125604
008 - FIXED-LENGTH DATA ELEMENTS--GENERAL INFORMATION
fixed length control field 040326n2004 000 0 eng u
035 ## - SYSTEM CONTROL NUMBER
System control number (Sirsi) u125604
041 ## - LANGUAGE CODE
Language code of text/sound track or separate title eng
050 ## - LIBRARY OF CONGRESS CALL NUMBER
Classification number 333.337
-- 18
110 ## - MAIN ENTRY--CORPORATE NAME
Corporate name or jurisdiction name as entry element Royal Institution of Chartered Surveyors
Subordinate unit Foundation
9 (RLIN) 4173
245 ## - TITLE STATEMENT
Title City of London office supply and demand forecasting model
Medium [electronic resource]
260 ## - PUBLICATION, DISTRIBUTION, ETC.
Place of publication, distribution, etc. London
Name of publisher, distributor, etc. RICS Foundation
Date of publication, distribution, etc. 2004
490 ## - SERIES STATEMENT
Series statement RICS Foundation Downloadable Research Tools
520 ## - SUMMARY, ETC.
Summary, etc. Using the City of London as a case-study, this downloadable research tool enables users to simulate various market trends and changes such as an increase in interest rates or a change in planning policy, and to see what their impact is on office supply and demand. The spreadsheet-based model is available in two versions: the scenario tester and the complete model. The model is based on "Research report : forecasting office supply and demand" (ISBN 1842190164).
520 ## - SUMMARY, ETC.
Summary, etc. This item is no longer available.
650 ## - SUBJECT ADDED ENTRY--TOPICAL TERM
Topical term or geographic name entry element SUPPLY AND DEMAND
650 ## - SUBJECT ADDED ENTRY--TOPICAL TERM
Topical term or geographic name entry element OFFICE SPACE
650 ## - SUBJECT ADDED ENTRY--TOPICAL TERM
Topical term or geographic name entry element PROPERTY MARKET
650 ## - SUBJECT ADDED ENTRY--TOPICAL TERM
Topical term or geographic name entry element FORECASTING
690 ## - LOCAL SUBJECT ADDED ENTRY--TOPICAL TERM (OCLC, RLIN)
Topical term or geographic name as entry element PROPERTY-COMMERCIAL PROPERTY-COMMERCIAL PROPERTY MARKET
942 ## - ADDED ENTRY ELEMENTS (KOHA)
Suppress in OPAC 0
Holdings
Withdrawn status Lost status Source of classification or shelving scheme Damaged status Not for loan Home library Current library Shelving location Date acquired Total Checkouts Full call number Barcode Date last seen Copy number Price effective from Koha item type
    Dewey Decimal Classification     Virtual Virtual Online 26/03/2004   ONLINE PUBLICATION 125604-2001 06/08/2019 1 06/08/2019 Online material